000 01094nam a2200277Ia 4500
003 OSt
005 20221005105021.0
006 a|||||r|||| 00| 0
007 ta
008 221004b |||||||| |||| 00| 0 hin d
020 _a9789383513017 (pbk)
_cIndian Rupees 175
024 _a27964
037 _bGift, 24/10/2016,
_cTextual
040 _aCRL
_cCRL
_bhin
041 _2hin
_ahin
082 _aO152,6N41x, Q5
100 _aपाण्डेय, मैनेजर
245 0 _aसाहित्य और दलित दृंिष्ट
246 _aSāhitya aur dalit dṛuaniṣhṭa
260 _aदिल्ली
_bस्वराज प्रकाशन भारत
_c2015
300 _a192पृ0
_ccm.
650 _aहिन्दी साहित्य
700 _a मौर्य, सर्वेश कुमार, संपा.
942 _hO152,6N41x, Q5
_cTEXL
_2cc
999 _c1014468
_d1014468